How to speak animal : (Record no. 415993)
[ view plain ]
| 000 -LEADER | |
|---|---|
| fixed length control field | 02474pam a2200565 i 4500 |
| 001 - CONTROL NUMBER | |
| control field | 3323113 |
| 005 - DATE AND TIME OF LATEST TRANSACTION | |
| control field | 20260130134437.0 |
| 008 - FIXED-LENGTH DATA ELEMENTS--GENERAL INFORMATION | |
| fixed length control field | 210614s2022 dcua c b 001 0 eng |
| 010 ## - LIBRARY OF CONGRESS CONTROL NUMBER | |
| LC control number | 2021023112 |
| 020 ## - INTERNATIONAL STANDARD BOOK NUMBER | |
| International Standard Book Number | 9781426372391 |
| Qualifying information | (library binding) : |
| Terms of availability | $22.90 |
| 020 ## - INTERNATIONAL STANDARD BOOK NUMBER | |
| International Standard Book Number | 1426372396 : |
| Terms of availability | $22.90 |
| 020 ## - INTERNATIONAL STANDARD BOOK NUMBER | |
| International Standard Book Number | 9781426372384 |
| Qualifying information | (trade paperback) |
| 035 ## - SYSTEM CONTROL NUMBER | |
| System control number | (OCoLC)1288139839 |
| 035 ## - SYSTEM CONTROL NUMBER | |
| System control number | (OCoLC)on1288139839 |
| 035 ## - SYSTEM CONTROL NUMBER | |
| System control number | 3305320 |
| 040 ## - CATALOGING SOURCE | |
| Original cataloging agency | DLC |
| Language of cataloging | eng |
| Description conventions | rda |
| Transcribing agency | DLC |
| 042 ## - AUTHENTICATION CODE | |
| Authentication code | pcc |
| 050 00 - LIBRARY OF CONGRESS CALL NUMBER | |
| Classification number | QL776 |
| Item number | .A525 2022 |
| 082 00 - DEWEY DECIMAL CLASSIFICATION NUMBER | |
| Classification number | 591.59 |
| Edition number | 23 |
| 092 ## - LOCALLY ASSIGNED DEWEY CALL NUMBER (OCLC) | |
| Classification number | junior nonfiction |
| Item number | 591.59 Andrus, Aubre |
| 100 1# - MAIN ENTRY--PERSONAL NAME | |
| Personal name | Andrus, Aubre, |
| Relator term | author. |
| 245 10 - TITLE STATEMENT | |
| Title | How to speak animal : |
| Remainder of title | a guide to learning how animals communicate / |
| Statement of responsibility, etc | Aubre Andrus & Dr. Gabby Wild, D.V.M. |
| 264 #1 - Production, Publication, Distribution, Manufacture, and Copyright Notice. | |
| Place of production, publication, distribution, manufacture | Washington, D.C. : |
| Name of producer, publisher, distributor, manufacturer | National Geographic, |
| Date of production, publication, distribution, manufacture, or copyr | [2022] |
| 300 ## - PHYSICAL DESCRIPTION | |
| Extent | 176 pages : |
| Other physical details | illustrations (some color) ; |
| Dimensions | 24 cm |
| 336 ## - Content Type | |
| Content type term | text |
| 337 ## - Media type | |
| Media type term | unmediated |
| 338 ## - Carrier type | |
| Carrier type term | volume |
| 490 1# - SERIES STATEMENT | |
| Series statement | National Geographic kids |
| 504 ## - BIBLIOGRAPHY, ETC. NOTE | |
| Bibliography, etc | Includes bibliographical references (page 172-173) and index. |
| 520 ## - SUMMARY, ETC. | |
| Summary, etc | "Have you ever wanted to speak to animals? Learn the ins and outs of the varying methods animals use to communicate, from wild animals to household pets!"-- |
| 521 0# - TARGET AUDIENCE NOTE | |
| Target audience note | 4-6 |
| Source | National Geographic Kids |
| 521 1# - TARGET AUDIENCE NOTE | |
| Target audience note | 8-12 |
| Source | Brodart. |
| 521 2# - TARGET AUDIENCE NOTE | |
| Target audience note | 3-7 |
| Source | Brodart. |
| 650 #0 - SUBJECT ADDED ENTRY--TOPICAL TERM | |
| Topical term or geographic name as entry element | Animal communication |
| Form subdivision | Juvenile literature. |
| 9 (RLIN) | 5701920 |
| 650 #0 - SUBJECT ADDED ENTRY--TOPICAL TERM | |
| Topical term or geographic name as entry element | Social behavior in animals |
| Form subdivision | Juvenile literature. |
| 9 (RLIN) | 5713426 |
| 650 #0 - SUBJECT ADDED ENTRY--TOPICAL TERM | |
| Topical term or geographic name as entry element | Animals |
| Form subdivision | Juvenile literature. |
| 9 (RLIN) | 5675176 |
| 650 #1 - SUBJECT ADDED ENTRY--TOPICAL TERM | |
| Topical term or geographic name as entry element | Animal communication. |
| 650 #1 - SUBJECT ADDED ENTRY--TOPICAL TERM | |
| Topical term or geographic name as entry element | Social behavior in animals. |
| 650 #1 - SUBJECT ADDED ENTRY--TOPICAL TERM | |
| Topical term or geographic name as entry element | Animals. |
| 650 #7 - SUBJECT ADDED ENTRY--TOPICAL TERM | |
| Topical term or geographic name as entry element | JUVENILE NONFICTION / Animals / Lions, Tigers, Leopards, etc. |
| Source of heading or term | bisacsh |
| 9 (RLIN) | 6016745 |
| 650 #7 - SUBJECT ADDED ENTRY--TOPICAL TERM | |
| Topical term or geographic name as entry element | JUVENILE NONFICTION / Animals / Marine Life. |
| Source of heading or term | bisacsh |
| 9 (RLIN) | 5719680 |
| 650 #7 - SUBJECT ADDED ENTRY--TOPICAL TERM | |
| Topical term or geographic name as entry element | JUVENILE NONFICTION / Science & Nature / Zoology. |
| Source of heading or term | bisacsh |
| 9 (RLIN) | 5728770 |
| 700 1# - ADDED ENTRY--PERSONAL NAME | |
| Personal name | Wild, Gabby, |
| Relator term | author. |
| 9 (RLIN) | 6461615 |
| 830 #0 - SERIES ADDED ENTRY--UNIFORM TITLE | |
| Uniform title | National Geographic kids. |
| 9 (RLIN) | 5674197 |
| 942 ## - ADDED ENTRY ELEMENTS (KOHA) | |
| Source of classification or shelving scheme | Dewey Decimal Classification |
| Koha item type | BOOK |
| Withdrawn status | Lost status | Source of classification or shelving scheme | Damaged status | Not for loan | Collection code | Home library | Current library | Shelving location | Date acquired | Source of acquisition | Total Checkouts | Full call number | Barcode | Date last seen | Cost, replacement price | Price effective from | Koha item type |
|---|---|---|---|---|---|---|---|---|---|---|---|---|---|---|---|---|---|
| Dewey Decimal Classification | Junior NonFiction | Wasatch County Library | Wasatch County Library | Second Floor | 01/30/2026 | Donation | 591.59 Andrus | 34301001896879 | 01/30/2026 | 9.49 | 01/30/2026 | BOOK |
